| 000 | 00544nam a22001337a 4500 | ||
|---|---|---|---|
| 020 | _a978-9-351-03345-5 | ||
| 082 |
_a080 _bMAR/E |
||
| 100 | _aMARGLES, SAMANTA | ||
| 245 | _aEARTH'S SOLAR SYSTEM | ||
| 260 |
_bLUCASLIM LTD _c2014 |
||
| 300 | _a15 | ||
| 520 | _aOur solar system is made up of a star, eight planets, and countless smaller bodies such as dwarf planets, asteroids, and comets. Our solar system orbits the center of the Milky Way galaxy at about 515,000 mph (828,000 kph). We're in one of the galaxy's four spiral arms. | ||
| 942 | _cBK | ||
| 999 |
_c6774 _d6774 |
||